000 00694nam a2200217 a 4500
001 000010579
005 20240412074219.0
008 091008s2000 dr 000 0 spa d
020 _a9993401463
040 _aDO-SdBNP
_bspa
_cBNPHU
082 _aRD861.44
_bN238m
100 1 _aNarváez Rivadeneira, Luís
_916007
245 1 0 _aMieses de otoño /
_cLuís Narváes Rivadeneira ; ilustración Ramón Oviedo.
260 _aSanto Domingo :
_bAlpa,
_c2000.
300 _a121 p. ;
_c24 cm.
590 _aInventariado, 2018/LP
650 0 _aPoesía dominicana
_966
650 0 _aLiteratura dominicana.
_967
710 1 _aOviedo, Ramón,
_eil.
_925655
910 _aValidado. Control de calidad BNPHU.
999 _c10337
_d10337